[Event "Coulsdon Autumn-A"]
[Site "Coulsdon"]
[Date "2009.08.27"]
[Round "6"]
[White "Green, Andrew"]
[Black "Vas, Peter"]
[Result "1/2-1/2"]
[WhiteElo "2203"]
[BlackElo "2170"]
[PlyCount "168"]
[EventDate "2009.08.22"]
[EventType "tourn"]
[EventRounds "9"]
[EventCountry "ENG"]
[EventCategory "2"]
[SourceTitle "CBM 132 Extra"]
[Source "ChessBase"]
[SourceDate "2009.11.03"]
[SourceVersion "1"]
[SourceVersionDate "2009.11.03"]
[SourceQuality "1"]

1. e4 c6 2. d4 d5 3. e5 c5 4. dxc5 e6 5. Nf3 Bxc5 6. Bd3 Nc6 7. 0-0 Nge7 8. Bf4 Ng6 9. Bg3 0-0 10. Nbd2 f5 11. exf6 Qxf6 12. Nb3 Bb6 13. c4 Nf4 14. cxd5 exd5 15. Bxf4 Qxf4 16. Qd2 Bg4 17. Be2 Qxd2 18. Nbxd2 Rae8 19. Bd1 Nb4 20. Bb3 Kh8 21. h3 Bh5 22. Rae1 Rxe1 23. Rxe1 Nd3 24. Re7 Nxf2 25. Kh2 d4 26. Rxb7 Nd3 27. Ng5 Nc5 28. Nf7+ Kg8 29. Nh6+ Kh8 30. Nf7+ Bxf7 31. Rxf7 Rd8 32. Bc4 Nd7 33. Nf3 h6 34. g4 Bc5 35. Rf5 Bd6+ 36. Kg2 Nb6 37. Bd3 Na4 38. Rd5 Nxb2 39. Rxd4 Nxd3 40. Rxd3 Kg8 41. Nh4 Be7 42. Rxd8+ Bxd8 43. Nf5 Kf7 44. Kf3 g6 45. Nd4 Bb6 46. Ke4 Kf6 47. Nf3 Ba5 48. Kd5 Bc3 49. Ke4 a5 50. Kd5 a4 51. Ke4 a3 52. Kd5 Bb2 53. Ke4 Ke6 54. Nh4 Kf6 55. Nf3 Bc3 56. Kd5 Bb4 57. Ke4 Be7 58. Kd5 Bd8 59. Ke4 Bb6 60. Kd5 Ba5 61. Ke4 Bb4 62. Kd5 Be7 63. Ke4 Ke6 64. Ne5 Kf6 65. Nf3 h5 66. gxh5 gxh5 67. Nd4 Kg5 68. Nf3+ Kf6 69. Nd4 Bb4 70. Nc2 Bc5 71. Nxa3 Bxa3 72. Kf3 Kg5 73. Kg3 Bd6+ 74. Kg2 Kh4 75. a4 Bc7 76. a5 Bb8 77. a6 Ba7 78. Kh1 Kg5 79. Kg2 Kf4 80. Kh1 Kf3 81. Kh2 Bb8+ 82. Kh1 Kg3 83. a7 Bxa7 84. h4 Kh3 1/2-1/2

[Event "Coulsdon Autumn-A"]
[Site "Coulsdon"]
[Date "2009.08.25"]
[Round "4"]
[White "McNab, Colin Anderson"]
[Black "Vas, Peter"]
[Result "1/2-1/2"]
[WhiteElo "2474"]
[BlackElo "2170"]
[PlyCount "119"]
[EventDate "2009.08.22"]
[EventType "tourn"]
[EventRounds "9"]
[EventCountry "ENG"]
[EventCategory "2"]
[SourceTitle "CBM 132 Extra"]
[Source "ChessBase"]
[SourceDate "2009.11.03"]
[SourceVersion "1"]
[SourceVersionDate "2009.11.03"]
[SourceQuality "1"]

1. c4 e6 2. Nf3 d5 3. b3 Nf6 4. g3 Be7 5. Bg2 0-0 6. 0-0 c5 7. Bb2 Nc6 8. e3 b6 9. Qe2 Bb7 10. Rd1 dxc4 11. bxc4 Qc7 12. Nc3 a6 13. Rab1 Rab8 14. Ba1 Rfd8 15. d3 Na7 16. d4 cxd4 17. exd4 b5 18. d5 Qxc4 19. Qxc4 bxc4 20. dxe6 Bxf3 21. exf7+ Kxf7 22. Bxf3 Rxd1+ 23. Rxd1 Nb5 24. Be2 Rc8 25. a4 Nxc3 26. Bxc3 Ne4 27. Rc1 Nxc3 28. Rxc3 a5 29. Bxc4+ Kf8 30. Rf3+ Bf6 31. Rf4 Rd8 32. Rf5 Ra8 33. Rb5 Ra7 34. Bd5 Ke7 35. Bb7 Kd6 36. Kf1 Kc7 37. Be4 h6 38. Ke2 Be7 39. Kd3 Bb4 40. Kd4 Kd6 41. Rb6+ Ke7 42. Bc6 Be1 43. Kd5 Bxf2 44. Rb2 Bg1 45. Rg2 Bb6 46. Re2+ Kf7 47. Be8+ Kf8 48. Bg6 Ra8 49. Re4 Kg8 50. g4 Rf8 51. h4 Bd8 52. h5 Bf6 53. Bf5 Bc3 54. Re7 Bb4 55. Be6+ Kh7 56. Rb7 Bd2 57. Bf7 Rd8+ 58. Kc4 Be3 59. Bd5 Bd2 60. Be4+ 1/2-1/2

[Event "Coulsdon Autumn-A"]
[Site "Coulsdon"]
[Date "2009.08.24"]
[Round "3"]
[White "Vas, Peter"]
[Black "Franklin, Michael J"]
[Result "1-0"]
[WhiteElo "2170"]
[BlackElo "2215"]
[PlyCount "47"]
[EventDate "2009.08.22"]
[EventType "tourn"]
[EventRounds "9"]
[EventCountry "ENG"]
[EventCategory "2"]
[SourceTitle "CBM 132 Extra"]
[Source "ChessBase"]
[SourceDate "2009.11.03"]
[SourceVersion "1"]
[SourceVersionDate "2009.11.03"]
[SourceQuality "1"]

1. e4 c5 2. Nf3 a6 3. Nc3 b5 4. d4 cxd4 5. Nxd4 Bb7 6. Bd3 e6 7. 0-0 Bc5 8. Nb3 Bb6 9. e5 Qc7 10. Re1 Nc6 11. Bf4 Nge7 12. Ne4 Nxe5 13. Bxb5 Nd5 14. Bxe5 Qxe5 15. Nec5 Qc7 16. Bxd7+ Ke7 17. Bxe6 fxe6 18. Nxe6 Bxf2+ 19. Kxf2 Qxh2 20. Qg4 Kd6 21. Qg3+ Qxg3+ 22. Kxg3 Rae8 23. Ng5 Ne3 24. Nf7+ 1-0

[Event "Coulsdon Autumn-A"]
[Site "Coulsdon"]
[Date "2009.08.22"]
[Round "1"]
[White "Vas, Peter"]
[Black "Arkell, Keith C"]
[Result "0-1"]
[WhiteElo "2170"]
[BlackElo "2521"]
[PlyCount "227"]
[EventDate "2009.08.22"]
[EventType "tourn"]
[EventRounds "9"]
[EventCountry "ENG"]
[EventCategory "2"]
[SourceTitle "CBM 132 Extra"]
[Source "ChessBase"]
[SourceDate "2009.11.03"]
[SourceVersion "1"]
[SourceVersionDate "2009.11.03"]
[SourceQuality "1"]

1. e4 c6 2. d4 d5 3. Nd2 dxe4 4. Nxe4 Nd7 5. Nf3 Ngf6 6. Nxf6+ Nxf6 7. Bc4 Bf5 8. 0-0 e6 9. Ne5 Nd7 10. Qe2 Nb6 11. Bd3 Bxd3 12. Qxd3 Bd6 13. Qe4 Qc7 14. Re1 0-0 15. c4 Nd7 16. Nxd7 Qxd7 17. Bd2 Rfe8 18. Bc3 Be7 19. Rad1 Bf6 20. Rd3 Rad8 21. Red1 b5 22. b3 bxc4 23. bxc4 Qb7 24. Rh3 h6 25. Qc2 Qa6 26. Bb2 Rd7 27. Ra3 Qb6 28. Rb3 Qc7 29. g3 Red8 30. Rbd3 Qb6 31. Rb3 Qa5 32. Ra3 Qh5 33. Rad3 Qh3 34. Qe2 h5 35. Qe4 Rc8 36. Ba3 Qg4 37. Qxg4 hxg4 38. Bc5 Rcd8 39. Kf1 Be7 40. Bxe7 Rxe7 41. Ke2 f5 42. f3 gxf3+ 43. Kxf3 Kf7 44. h4 Red7 45. Kf4 Kf6 46. Ke3 g5 47. hxg5+ Kxg5 48. Kf2 Kg4 49. Kg2 e5 50. d5 e4 51. Rd4 cxd5 52. Rxd5 Rxd5 53. cxd5 Kg5 54. d6 Rd7 55. Rd5 Kf6 56. Ra5 Rxd6 57. Rxa7 Rd2+ 58. Kf1 Kg5 59. Rg7+ Kh6 60. Rf7 Kg6 61. Ra7 Kh5 62. Rg7 Rxa2 63. Kg1 Rb2 64. Rg8 Kh6 65. Kf1 Rd2 66. Ke1 Rd6 67. Kf2 Rg6 68. Rh8+ Kg5 69. Re8 Rd6 70. Rg8+ Kf6 71. Rf8+ Ke5 72. Re8+ Kd4 73. Rf8 Ke5 74. Re8+ Re6 75. Rd8 Rc6 76. Re8+ Kf6 77. Rf8+ Kg6 78. Re8 Rc2+ 79. Kf1 Kg5 80. Rg8+ Kf6 81. Re8 Rc5 82. Kf2 Kf7 83. Rd8 Ke6 84. Re8+ Kd5 85. Rd8+ Ke5 86. Re8+ Kd4 87. Rd8+ Rd5 88. Ra8 Rc5 89. Rd8+ Rd5 90. Ra8 Kd3 91. Ra3+ Kd2 92. Ra2+ Kc3 93. Ra3+ Kb4 94. Ra8 Rd2+ 95. Ke1 Rd3 96. Rg8 Kc4 97. Ke2 Rf3 98. Rc8+ Kd5 99. Rd8+ Ke6 100. Rg8 Ke7 101. Ke1 Kf7 102. Rg5 Kf6 103. Rg8 Rb3 104. Ke2 Rb2+ 105. Kf1 Ke5 106. Rd8 e3 107. Re8+ Kd4 108. Re7 Kd3 109. Re5 Rb1+ 110. Kg2 e2 111. Rxf5 e1Q 112. Rf3+ Ke4 113. Rf4+ Ke5 114. Kh3 0-1

[Event "Gothenburg"]
[Site "Gothenburg"]
[Date "2008.08.04"]
[Round "3"]
[White "Svensson, Bengt"]
[Black "Vas, Peter"]
[Result "1/2-1/2"]
[WhiteElo "2411"]
[BlackElo "2170"]
[PlyCount "44"]
[EventDate "2008.08.02"]
[EventType "tourn"]
[EventRounds "9"]
[EventCountry "SWE"]
[EventCategory "3"]
[SourceTitle "CBM 125 Extra"]
[Source "ChessBase"]
[SourceDate "2008.09.01"]
[SourceVersion "1"]
[SourceVersionDate "2008.09.01"]
[SourceQuality "1"]

1. e4 c6 2. d4 d5 3. exd5 cxd5 4. c4 Nf6 5. Nc3 Nc6 6. Bg5 e6 7. Nf3 Be7 8. c5 Ne4 9. Bxe7 Nxc3 10. bxc3 Qxe7 11. Bb5 Qc7 12. 0-0 0-0 13. Rc1 Bd7 14. Bd3 e5 15. Nxe5 Nxe5 16. dxe5 Qxe5 17. Re1 Qg5 18. Re3 Rfe8 19. Rg3 Qe5 20. Re3 Qg5 21. Rg3 Qe5 22. Re3 Qg5 1/2-1/2

[Event "Gothenburg"]
[Site "Gothenburg"]
[Date "2008.08.03"]
[Round "2"]
[White "Vas, Peter"]
[Black "Haitin, Ilja"]
[Result "0-1"]
[WhiteElo "2170"]
[BlackElo "2235"]
[PlyCount "64"]
[EventDate "2008.08.02"]
[EventType "tourn"]
[EventRounds "9"]
[EventCountry "SWE"]
[EventCategory "3"]
[SourceTitle "CBM 125 Extra"]
[Source "ChessBase"]
[SourceDate "2008.09.01"]
[SourceVersion "1"]
[SourceVersionDate "2008.09.01"]
[SourceQuality "1"]

1. e4 c5 2. Nf3 Nc6 3. d4 cxd4 4. Nxd4 g6 5. c4 Bg7 6. Be3 Nf6 7. f3 0-0 8. Qd2 e6 9. Nxc6 dxc6 10. c5 b6 11. cxb6 axb6 12. Qxd8 Rxd8 13. Bxb6 Nd7 14. Bxd8 Bxb2 15. Bc4 Bxa1 16. 0-0 Bd4+ 17. Kh1 c5 18. Bc7 Ra7 19. Bd6 Ba6 20. Nd2 Bxc4 21. Nxc4 Rxa2 22. Rc1 f6 23. h4 e5 24. Kh2 Kf7 25. Bc7 Ke6 26. h5 f5 27. hxg6 hxg6 28. Kh3 fxe4 29. fxe4 Nf6 30. Re1 Ra4 31. Nb6 Ra7 32. Bd8 Bf2 0-1

[Event "NOR-ch op"]
[Site "Oslo"]
[Date "2006.04.13"]
[Round "6"]
[White "Vas, Peter"]
[Black "Sjol, Henrik"]
[Result "1-0"]
[WhiteElo "2168"]
[BlackElo "1994"]
[PlyCount "137"]
[EventDate "2006.04.08"]
[EventType "swiss"]
[EventRounds "9"]
[EventCountry "NOR"]
[SourceTitle "CBM 111 Extra"]
[Source "ChessBase"]
[SourceDate "2006.05.09"]
[SourceVersion "1"]
[SourceVersionDate "2006.05.09"]
[SourceQuality "1"]

1. e4 c6 2. d4 d5 3. Nd2 dxe4 4. Nxe4 Bf5 5. Ng3 Bg6 6. h4 h6 7. Nf3 Nd7 8. h5 Bh7 9. Bd3 Bxd3 10. Qxd3 Qc7 11. Bd2 e6 12. 0-0-0 Ngf6 13. Qe2 0-0-0 14. Ne5 Nxe5 15. dxe5 Nd7 16. f4 Be7 17. Be3 Qa5 18. Kb1 Nc5 19. Qg4 Rxd1+ 20. Rxd1 Rd8 21. Rxd8+ Qxd8 22. Qxg7 Qd1+ 23. Bc1 Nd3 24. cxd3 Qxd3+ 25. Ka1 Qc2 26. Ne2 Qxe2 27. Qxh6 Qc2 28. f5 Qxf5 29. Qh8+ Kd7 30. a3 Bg5 31. Bxg5 Qxg5 32. Qh7 Ke7 33. Qd3 Qxe5 34. h6 f5 35. h7 Qe1+ 36. Ka2 Qh1 37. Qb3 Kf8 38. Qxe6 Qxh7 39. Qc8+ Kg7 40. Qxb7+ Kh8 41. Qxc6 Qf7+ 42. Kb1 f4 43. Kc2 Qf5+ 44. Kb3 a5 45. Qb7 Kg8 46. Kc4 Kf8 47. Kd4 a4 48. Kc3 Qe5+ 49. Kc4 Qe2+ 50. Kc5 Qe3+ 51. Kd6 Qd4+ 52. Ke6 Qc4+ 53. Ke5 Qc5+ 54. Kxf4 Qd6+ 55. Ke3 Qc5+ 56. Kd3 Qd6+ 57. Kc4 Qe6+ 58. Kb5 Qb3+ 59. Ka6 Qe6+ 60. Ka5 Qe8 61. Qb4+ Kg7 62. g4 Qa8+ 63. Kb5 Kg8 64. Qd4 Kf8 65. Qxa4 Qb7+ 66. Kc4 Qe4+ 67. Kb3 Qd3+ 68. Ka2 Qd5+ 69. Qb3 1-0